| 000 | 01444nas a2200253 454500 | ||
|---|---|---|---|
| 001 | 20242 | ||
| 005 | 20260407193506.0 | ||
| 008 | 260407s1972####ag###########|||spa#d | ||
| 003 | AR-UNSa-BCEJYS | ||
| 040 |
_aAR-UNSa-BCEJYS _bspa _cAR-UNSa-BCEJYS |
||
| 080 |
_a330(82) _xEconomia Argentina |
||
| 245 | 1 | 0 | _aInformación económica de la Argentina |
| 022 | _a0325-237X | ||
| 264 | 1 |
_aBuenos Aires : _bMinisterio de Hacienda y Finanzas _c1972 |
|
| 310 | _aFrecuencia: Mensual Suspendida: mayo 1973-julio 1976 Editor varía: Argentina. Ministerio de Economía y Trabajo. Servicio de Prensa, 1967-1971. Argentina. Ministerio de Hacienda y Finanzas. Servicio de Prensa, 1971-1972. Argentina. Ministerio de Hacienda y Finanzas. Servicio de Prensa y Publicaciones = Servicio de Prensa, Relaciones y Ceremonial, jun./jul. 1972-mayo 1973. Argentina. Ministerio de Economía. Secretaría de Programación y Coordinación Económica, jul.1976-1981. Argentina. Ministerio de Economía, Hacienda y Finanzas, 1981 | ||
| 942 | _cSER | ||
| 590 | _aniveau_biblio:s niveau_hierar:1 | ||
| 100 | 1 | _aArgentina. Ministerio de Hacienda y Finanzas. Servicio de Prensa y Publicaciones | |
| 650 | _aCondiciones económicas | ||
| 650 | _aCrecimiento económico | ||
| 650 | _aInvestigación económica | ||
| 650 | _aECONOMIA | ||
| 856 | 4 | 1 |
_uhttps://biblioeco.unsa.edu.ar/pmb/images/revistas/Informacion Economica de la Argentina.jpg _yImagen de portada _qimage/jpeg |
| 999 |
_c8536 _d8536 |
||